Giáo trình Tiếng Việt thực hành
Đề cập đến vai trò của ngôn từ; Câu sai; Dấu câu; Chính tả Tiếng Việt. Trình bày câu mơ hồ và vấn đề diễn đạt chính xác rõ ràng; Hiện tượng dư trong ngôn ngữ.
Đã lưu trong:
| Tác giả chính: | |
|---|---|
| Định dạng: | Sách |
| Năm xuất bản: |
TP. Hồ Chí Minh
Đại học quốc gia
2008
|
| Chủ đề: | |
| Tags: |
Thêm thẻ
Không có thẻ, Hãy là người đầu tiên gắn thẻ bản ghi này!
|
| LEADER | 00804nam a2200169 4500 | ||
|---|---|---|---|
| 082 | |a 495.922 |b NG527Đ | ||
| 100 | |a Nguyễn Đức Dân | ||
| 245 | |a Giáo trình Tiếng Việt thực hành |c Nguyễn Đức Dân | ||
| 260 | |a TP. Hồ Chí Minh |b Đại học quốc gia |c 2008 | ||
| 300 | |a 196tr |c 21cm. | ||
| 520 | |a Đề cập đến vai trò của ngôn từ; Câu sai; Dấu câu; Chính tả Tiếng Việt. Trình bày câu mơ hồ và vấn đề diễn đạt chính xác rõ ràng; Hiện tượng dư trong ngôn ngữ. | ||
| 653 | |a Ngôn ngữ | ||
| 653 | |a Tiếng Việt | ||
| 653 | |a Giáo trình | ||
| 942 | |2 ddc |c SH | ||
| 999 | |c 10527 |d 10527 | ||
| 952 | |0 0 |1 0 |2 ddc |4 0 |6 495_922000000000000_NG527Đ |7 0 |8 400 |9 82663 |a qbu |b qbu |c D2 |d 2015-08-11 |g 20000 |o 495.922 NG527Đ |p 10307.c1 |r 0000-00-00 |w 2015-08-11 |y SH | ||